| 000 | 01377cam a2200253 4500 | ||
|---|---|---|---|
| 001 | L135921 | ||
| 008 | 061218n2006 000 0 eng u | ||
| 035 | _a(Sirsi) u135921 | ||
| 041 | 0 | _aeng | |
| 110 | 1 |
_aUnited Kingdom _kLaws, etc _95044 |
|
| 245 | 0 | 4 | _aThe selective licensing of houses (specified exemptions) (Wales) Order 2006 |
| 260 |
_aLondon _bTSO _c2006 |
||
| 490 |
_aWelsh Statutory Instrument _b2006 _c2824 |
||
| 520 | _aSpecifies the descriptions of tenancies and licences of houses, or of dwellings contained in houses, that are exempt tenancies or licences for the purposes of the Housing Act 2004 Part III. The effect of the exemption is that Part III of the Act does not apply to houses in Wales that are subject to a tenancy or licence described in article 2 and they are not, therefore, subject to the licensing requirements described in section 85 of the Act. | ||
| 590 | _aKA | ||
| 650 | 2 | 4 | _aHOUSING ACT 2004 PART III |
| 650 | 2 | 4 | _aHOUSING ACT 2004 S85 |
| 650 | 2 | 4 | _aSELECTIVE LICENSING OF HOUSES (SPECIFIED EXEMPTIONS) (WALES) ORDER 2006 |
| 650 | 2 | 4 | _aHOUSING ACT 2004 PART IV |
| 651 | 4 |
_aWales _y1998-2007 |
|
| 690 | _aPROPERTY-LEASEHOLD PROPERTY-LANDLORD AND TENANT-LANDLORD AND TENANT REFORM | ||
| 856 | 4 | 0 |
_uhttps://www.opsi.gov.uk/legislation/wales/wsi2006/20062824e.htm _zView the Order free of charge at www.opsi.gov.uk... |
| 942 | _n0 | ||
| 999 |
_c106244 _d106244 |
||